000 00536nam a2200181 4500
001 113847
003 ES-MaACL
005 20240510122853.0
007 t|
008 061121s1972 sp r ||||1| spa d
100 1 _aJorge Padrón, Justo,
_d1943-2021
_988209
245 1 3 _aLa nueva poesía sueca
_b: texto bilingüe /
_cJusto Jorge Padrón.
250 _a[1ª ed.].
260 _aBarcelona :
_bPlaza y Janés,
_c1972.
300 _a443 p. ;
_c19 cm.
852 _aES-MaACL
_jC-43603
_bR.82549
999 _c113847
_d113847